| 000 | 00505nam a2200145Ia 4500 | ||
|---|---|---|---|
| 008 | 170221s9999 xx 000 0 und d | ||
| 100 | _aRobert B. Burney | ||
| 245 | 4 | _aThe time value of money implications of continuing care retirement community type-a contracts | |
| 245 | _cRobert B. Burney, Coastal Carolina University. | ||
| 260 | _bJournal of Management and Marketing Research | ||
| 260 | _c2017 | ||
| 300 | _a6 : 1 | ||
| 650 | _xBusiness | ||
| 856 | _uhttp://www.aabri.com/manuscripts/142129.pdf | ||
| 999 |
_c309854 _d309854 |
||